[Event "RSA-ch U12"]
[Site "Gauteng"]
[Date "2017.04.09"]
[Round "8"]
[White "Hargreaves, Nicholas"]
[Black "Fourie, Brandon"]
[Result "1-0"]
[WhiteElo "1241"]
[BlackElo "1204"]
[PlyCount "65"]
[EventDate "2017.04.05"]
[EventType "swiss"]
[EventRounds "11"]
[EventCountry "RSA"]
[SourceTitle "CBM 177 Extra"]
[Source "ChessBase"]
[SourceDate "2017.04.27"]
[SourceVersion "1"]
[SourceVersionDate "2017.04.27"]
[SourceQuality "1"]

1. e4 c5 2. Nf3 Nc6 3. d4 cxd4 4. Nxd4 Nf6 5. Nc3 d6 6. Bc4 g6 7. Be3 Bg7 8. Qd2 0-0 9. 0-0 Bd7 10. Rad1 Nxd4 11. Bxd4 a6 12. Bb3 b5 13. a3 Qc7 14. Bxf6 Bxf6 15. Nd5 Qb7 16. Nxf6+ exf6 17. Qxd6 Bc6 18. Bd5 Bxd5 19. Qxd5 Qc7 20. Qb3 Qe5 21. Rfe1 Rad8 22. Rxd8 Rxd8 23. Qc3 Qxc3 24. bxc3 Rd2 25. Rc1 Re2 26. f3 Re3 27. a4 Rxc3 28. axb5 axb5 29. Rb1 Rc5 30. Rb2 Kf8 31. Kf2 Ke7 32. Ke3 Kd6 33. Ra2 1-0

[Event "RSA-ch U12"]
[Site "Gauteng"]
[Date "2017.04.08"]
[Round "7"]
[White "Oosthuizen, Michal Jacobus"]
[Black "Hargreaves, Nicholas"]
[Result "1-0"]
[WhiteElo "1416"]
[BlackElo "1241"]
[PlyCount "77"]
[EventDate "2017.04.05"]
[EventType "swiss"]
[EventRounds "11"]
[EventCountry "RSA"]
[SourceTitle "CBM 177 Extra"]
[Source "ChessBase"]
[SourceDate "2017.04.27"]
[SourceVersion "1"]
[SourceVersionDate "2017.04.27"]
[SourceQuality "1"]

1. d4 Nf6 2. Bf4 d5 3. e3 Bf5 4. Bd3 Bxd3 5. Qxd3 Nc6 6. Nf3 e6 7. c3 Bd6 8. Bg3 0-0 9. Nbd2 Re8 10. Ne5 Nd7 11. f4 f6 12. Nef3 Nb6 13. 0-0 e5 14. fxe5 fxe5 15. Qf5 Qf6 16. Nxe5 Bxe5 17. dxe5 Nxe5 18. Qxf6 gxf6 19. Rxf6 Ng4 20. Rf5 Nxe3 21. Rg5+ Kf7 22. Bxc7 Nbc4 23. Nxc4 Nxc4 24. Rf1+ Ke6 25. b3 Nd2 26. Re5+ Kd7 27. Rxd5+ Kxc7 28. Rxd2 Re7 29. Rdf2 Rd8 30. Rf7 Rxf7 31. Rxf7+ Rd7 32. Rxd7+ Kxd7 33. Kf2 Kc6 34. g4 a5 35. Ke3 Kc5 36. h4 b5 37. g5 Kd6 38. Kd4 Ke6 39. Ke4 1-0

[Event "RSA-ch U10"]
[Site "Waterkloof"]
[Date "2015.04.07"]
[Round "5"]
[White "Bezuidenhout, Joshua"]
[Black "Hargreaves, Nicholas"]
[Result "1-0"]
[WhiteElo "1220"]
[BlackElo "1144"]
[PlyCount "73"]
[EventDate "2015.04.04"]
[EventType "swiss"]
[EventRounds "9"]
[EventCountry "RSA"]
[SourceTitle "CBM 166 Extra"]
[Source "ChessBase"]
[SourceDate "2015.06.18"]
[SourceVersion "1"]
[SourceVersionDate "2015.06.18"]
[SourceQuality "1"]

1. e4 e5 2. Nf3 Nc6 3. Bc4 Bc5 4. c3 Nf6 5. d4 exd4 6. e5 Ng4 7. cxd4 Bb4+ 8. Nc3 d5 9. Bb5 a6 10. Bxc6+ bxc6 11. h3 Nh6 12. Bxh6 gxh6 13. 0-0 Rg8 14. Qa4 Bxc3 15. Qxc6+ Bd7 16. Qxc3 Bxh3 17. Qc6+ Kf8 18. Qxh6+ Ke8 19. Qxh3 Rg7 20. Ne1 Rb8 21. Nd3 Rb6 22. f4 Rbg6 23. Rf2 Rg3 24. Qf5 Qh4 25. Qc8+ Qd8 26. Qxd8+ Kxd8 27. Nc5 R3g6 28. f5 Rg4 29. Rd1 h5 30. Kf1 h4 31. Rd3 Rg3 32. Rxg3 Rxg3 33. Rf3 Rg4 34. Nb3 a5 35. Nxa5 Rxd4 36. Nc6+ Kd7 37. Nxd4 1-0

[Event "RSA-ch U10"]
[Site "Waterkloof"]
[Date "2015.04.04"]
[Round "1"]
[White "Van den Berg, Reynard"]
[Black "Hargreaves, Nicholas"]
[Result "0-1"]
[WhiteElo "1003"]
[BlackElo "1144"]
[PlyCount "54"]
[EventDate "2015.04.04"]
[EventType "swiss"]
[EventRounds "9"]
[EventCountry "RSA"]
[SourceTitle "CBM 166 Extra"]
[Source "ChessBase"]
[SourceDate "2015.06.18"]
[SourceVersion "1"]
[SourceVersionDate "2015.06.18"]
[SourceQuality "1"]

1. e4 e5 2. Nf3 Nc6 3. Nc3 Nf6 4. Bb5 Bc5 5. Nxe5 Nxe5 6. d4 c6 7. Be2 Bb4 8. dxe5 Nxe4 9. 0-0 Nxc3 10. bxc3 Bxc3 11. Rb1 Bxe5 12. Ba3 Bf6 13. Bc4 d5 14. Bd3 Be7 15. Re1 Be6 16. Bxe7 Qxe7 17. Qf3 0-0 18. Qh5 g6 19. Qf3 Qd6 20. Rxb7 Rfb8 21. Rxb8+ Rxb8 22. Rd1 Qd7 23. Bc4 Bg4 24. Qd3 Bxd1 25. Qxd1 dxc4 26. Qxd7 Rb1+ 27. Qd1 Rxd1# 0-1